[Event "9. Forchheimer Sparkassen Open 2010"]
[Site "Forchheim"]
[Date "2010.10.01"]
[Round "1.36"]
[White "Wegmann, Simon"]
[Black "Zischer, Andreas"]
[Result "1-0"]
[WhiteElo "1277"]
[BlackElo "1585"]
[PlyCount "87"]
[EventDate "2010.??.??"]
[WhiteTeam "SC Erlangen 48/88"]
[BlackTeam "SK Leutershausen"]

1. e4 {[%emt 0:00:00]} d5 {[%emt 0:00:01]} 2. Nc3 {[%emt 0:00:02]} d4 {
[%emt 0:00:03]} 3. Nce2 {[%emt 0:00:01]} e5 {[%emt 0:00:02]} 4. Nf3 {
[%emt 0:00:02]} Nc6 {[%emt 0:00:03]} 5. d3 {[%emt 0:00:04]} Bg4 {[%emt 0:00:02]
} 6. Ng3 {[%emt 0:00:04]} Bb4+ {[%emt 0:00:03]} 7. Bd2 {[%emt 0:00:02]} Qf6 {
[%emt 0:00:01]} 8. Be2 {[%emt 0:00:03]} Bxf3 {[%emt 0:00:01]} 9. Bxf3 {
[%emt 0:00:01]} g6 {[%emt 0:00:03]} 10. c3 {[%emt 0:00:02]} Bd6 {[%emt 0:00:02]
} 11. Qb3 {[%emt 0:00:02]} Nge7 {[%emt 0:00:05]} 12. h4 {[%emt 0:00:02]} O-O-O
{[%emt 0:00:02]} 13. Bg5 {[%emt 0:00:04]} Qg7 {[%emt 0:00:02]} 14. Rf1 {
[%emt 0:00:02]} h6 {[%emt 0:00:01]} 15. Bd2 {[%emt 0:00:03]} Bc5 {
[%emt 0:00:02]} 16. Bg4+ {[%emt 0:00:02]} Kb8 {[%emt 0:00:02]} 17. f4 {
[%emt 0:00:02]} f5 {[%emt 0:00:01]} 18. Bf3 {[%emt 0:00:02]} exf4 {
[%emt 0:00:02]} 19. Bxf4 {[%emt 0:00:02]} g5 {[%emt 0:00:01]} 20. hxg5 {
[%emt 0:00:03]} hxg5 {[%emt 0:00:01]} 21. Bd2 {[%emt 0:00:05]} Ne5 {
[%emt 0:00:05]} 22. exf5 {[%emt 0:00:05]} Nxd3+ {[%emt 0:00:03]} 23. Kd1 {
[%emt 0:00:01]} Bb6 {[%emt 0:00:02]} 24. Be4 {[%emt 0:00:05]} dxc3 {
[%emt 0:00:02]} 25. Bxd3 {[%emt 0:00:02]} Rxd3 {[%emt 0:00:02]} 26. f6 {
[%emt 0:00:02]} Rxd2+ {[%emt 0:00:01]} 27. Kc1 {[%emt 0:00:01]} Qg6 {
[%emt 0:00:01]} 28. fxe7 {[%emt 0:00:02]} Qd6 {[%emt 0:00:02]} 29. Ne4 {
[%emt 0:00:09]} cxb2+ {[%emt 0:00:06]} 30. Qxb2 {[%emt 0:00:05]} Qc6+ {
[%emt 0:00:02]} 31. Kxd2 {[%emt 0:00:05]} Qd5+ {[%emt 0:00:02]} 32. Kc1 {
[%emt 0:00:02]} Be3+ {[%emt 0:00:01]} 33. Nd2 {[%emt 0:00:04]} Qc5+ {
[%emt 0:00:02]} 34. Kd1 {[%emt 0:00:02]} Rg8 {[%emt 0:00:02]} 35. Rf7 {
[%emt 0:00:03]} Qd6 {[%emt 0:00:02]} 36. Rc1 {[%emt 0:00:02]} Re8 {
[%emt 0:00:02]} 37. Qc3 {[%emt 0:00:02]} Bf4 {[%emt 0:00:02]} 38. Rc2 {
[%emt 0:00:02]} Qb6 {[%emt 0:00:02]} 39. Kc1 {[%emt 0:00:02]} Qg1+ {
[%emt 0:00:02]} 40. Kb2 {[%emt 0:00:02]} Qb6+ {[%emt 0:00:02]} 41. Ka1 {
[%emt 0:00:03]} Qg1+ {[%emt 0:00:04]} 42. Nb1 {[%emt 0:00:03]} Qb6 {
[%emt 0:00:02]} 43. Rf8 {[%emt 0:00:02]} Qg6 {[%emt 0:00:03]} 44. Rxf4 {
[%emt 0:00:03]} 1-0

[Event "9. Forchheimer Sparkassen Open 2010"]
[Site "Forchheim"]
[Date "2010.10.01"]
[Round "1.37"]
[White "Richter, Tony"]
[Black "Sammer, Fabian"]
[Result "1-0"]
[WhiteElo "2400"]
[BlackElo "2400"]
[PlyCount "54"]
[EventDate "2010.??.??"]
[TimeControl "300"]

1. d4 e6 2. e3 c5 3. c3 Nc6 4. Bd3 a6 5. Nf3 Nf6 6. Nbd2 d5 7. Ne5 Nxe5 8. dxe5
Nd7 9. Nf3 c4 10. Bc2 f6 11. exf6 Qxf6 12. e4 Nb6 13. Bg5 Qf7 14. Ne5 Qc7 15.
Qh5+ g6 16. Nxg6 Qf7 17. Nf4 Qxh5 18. Nxh5 Rg8 19. Nf6+ Kf7 20. Nxg8 Kxg8 21.
e5 Nd7 22. f4 b5 23. b4 Bb7 24. Ke2 Nb6 25. Rhg1 Rd8 26. Rad1 Na4 27. Bxa4 {
partien notation unleserlich} bxa4 1-0

[Event "9. Forchheimer Sparkassen Open 2010"]
[Site "Forchheim"]
[Date "2010.10.01"]
[Round "1.38"]
[White "Wichmann, Adrian"]
[Black "Seifert, Heinz"]
[Result "0-1"]
[WhiteElo "2400"]
[BlackElo "2400"]
[PlyCount "90"]
[EventDate "2010.??.??"]
[TimeControl "300"]

1. e4 c5 2. c3 d6 3. d4 cxd4 4. cxd4 Nf6 5. Nc3 g6 6. Nf3 Bg7 7. Bc4 O-O 8. O-O
e5 9. dxe5 dxe5 10. Nxe5 Qc7 11. Bxf7+ Rxf7 12. Nxf7 Kxf7 13. Nd5 Nxd5 14.
Qxd5+ Be6 15. Qb5 Bc4 16. Qb4 Bxf1 17. Bf4 Qxf4 18. Qxb7+ Kg8 19. Qxa8 Be2 20.
g3 Qc7 21. Re1 Ba6 22. b3 Qb7 23. Qxb7 Bxb7 24. f4 Nc6 25. e5 Ne7 26. Rd1 Nd5
27. a3 Bf8 28. b4 a5 29. bxa5 Bc5+ 30. Kf1 Ne3+ 31. Ke1 Nxd1 32. Kxd1 Bxa3 33.
Ke2 Bc5 34. Kf1 Kf7 35. a6 Bxa6+ 36. Kg2 Ke6 37. h4 Kf5 38. Kh3 h5 39. Kh2 Bb7
40. Kh3 Bd5 41. Kh2 Kg4 42. e6 Bxe6 43. f5 Bxf5 44. Kh1 Kh3 45. g4 Be4# 0-1

[Event "9. Forchheimer Sparkassen Open 2010"]
[Site "Forchheim"]
[Date "2010.10.01"]
[Round "1.39"]
[White "Hess, Max"]
[Black "Tong, Kevin"]
[Result "1-0"]
[WhiteElo "1532"]
[BlackElo "1261"]
[PlyCount "155"]
[EventDate "2010.??.??"]
[WhiteTeam "Post-SV Memmingen e.V."]
[BlackTeam "SC Erlangen 48/88"]

1. e4 {[%emt 0:00:00]} e5 {[%emt 0:00:03]} 2. Nf3 {[%emt 0:00:04]} Nc6 {
[%emt 0:00:02]} 3. Bc4 {[%emt 0:00:04]} Nf6 {[%emt 0:00:14]} 4. Ng5 {
[%emt 0:00:02]} d5 {[%emt 0:00:02]} 5. exd5 {[%emt 0:00:02]} Na5 {
[%emt 0:00:02]} 6. Bb5+ {[%emt 0:00:02]} c6 {[%emt 0:00:01]} 7. dxc6 {
[%emt 0:00:01]} bxc6 {[%emt 0:00:02]} 8. Ba4 {[%emt 0:00:02]} h6 {
[%emt 0:00:03]} 9. Nf3 {[%emt 0:00:03]} e4 {[%emt 0:00:01]} 10. Ne5 {
[%emt 0:00:03]} Bd7 {[%emt 0:00:03]} 11. d4 {[%emt 0:00:02]} exd3 {
[%emt 0:00:02]} 12. Nxd3 {[%emt 0:00:02]} Be7 {[%emt 0:00:02]} 13. O-O {
[%emt 0:00:03]} O-O {[%emt 0:00:01]} 14. Bf4 {[%emt 0:00:03]} Nd5 {
[%emt 0:00:02]} 15. Bd2 {[%emt 0:00:03]} Nb7 {[%emt 0:00:03]} 16. Qf3 {
[%emt 0:00:03]} Qc7 {[%emt 0:00:03]} 17. Nc3 {[%emt 0:00:03]} Rad8 {
[%emt 0:00:02]} 18. Bb3 {[%emt 0:00:02]} Be6 {[%emt 0:00:02]} 19. Rfe1 {
[%emt 0:00:04]} Rfe8 {[%emt 0:00:02]} 20. Rad1 {[%emt 0:00:02]} Nc5 {
[%emt 0:00:02]} 21. Nxc5 {[%emt 0:00:04]} Bxc5 {[%emt 0:00:02]} 22. Nxd5 {
[%emt 0:00:02]} cxd5 {[%emt 0:00:01]} 23. Bf4 {[%emt 0:00:02]} Qc8 {
[%emt 0:00:02]} 24. Qg3 {[%emt 0:00:02]} Kh8 {[%emt 0:00:02]} 25. Bc7 {
[%emt 0:00:03]} Rd7 {[%emt 0:00:01]} 26. Ba4 {[%emt 0:00:03]} Rxc7 {
[%emt 0:00:02]} 27. Bxe8 {[%emt 0:00:02]} Bb6 {[%emt 0:00:03]} 28. Ba4 {
[%emt 0:00:02]} Qa6 {[%emt 0:00:02]} 29. Bb3 {[%emt 0:00:02]} Qb7 {
[%emt 0:00:13]} 30. c3 {[%emt 0:00:11]} Rc8 {[%emt 0:00:01]} 31. Qe5 {
[%emt 0:00:04]} Rd8 {[%emt 0:00:01]} 32. Rd2 {[%emt 0:00:02]} Bc7 {
[%emt 0:00:02]} 33. Qh5 {[%emt 0:00:02]} Bf4 {[%emt 0:00:03]} 34. Rd4 {
[%emt 0:00:03]} Bc7 {[%emt 0:00:02]} 35. Kh1 {[%emt 0:00:02]} Bb6 {
[%emt 0:00:02]} 36. Rd2 {[%emt 0:00:03]} Rd7 {[%emt 0:00:02]} 37. Rxe6 {
[%emt 0:00:02]} fxe6 {[%emt 0:00:02]} 38. Qe8+ {[%emt 0:00:02]} Kh7 {
[%emt 0:00:02]} 39. Bc2+ {[%emt 0:00:02]} g6 {[%emt 0:00:02]} 40. Qxg6+ {
[%emt 0:00:02]} Kh8 {[%emt 0:00:01]} 41. Qxh6+ {[%emt 0:00:02]} Kg8 {
[%emt 0:00:01]} 42. Qxe6+ {[%emt 0:00:05]} Kf8 {[%emt 0:00:04]} 43. Re2 {
[%emt 0:00:04]} Re7 {[%emt 0:00:02]} 44. Qxe7+ {[%emt 0:00:01]} Qxe7 {
[%emt 0:00:01]} 45. Rxe7 {[%emt 0:00:01]} Kxe7 {[%emt 0:00:01]} 46. f4 {
[%emt 0:00:03]} Kf6 {[%emt 0:00:02]} 47. g4 {[%emt 0:00:02]} Bc7 {
[%emt 0:00:01]} 48. g5+ {[%emt 0:00:02]} Kg7 {[%emt 0:00:01]} 49. f5 {
[%emt 0:00:01]} Bd8 {[%emt 0:00:03]} 50. h4 {[%emt 0:00:02]} a5 {[%emt 0:00:02]
} 51. f6+ {[%emt 0:00:02]} Kf7 {[%emt 0:00:01]} 52. Kg2 {[%emt 0:00:02]} Bb6 {
[%emt 0:00:02]} 53. Kf3 {[%emt 0:00:03]} d4 {[%emt 0:00:03]} 54. cxd4 {
[%emt 0:00:02]} Bxd4 {[%emt 0:00:01]} 55. b3 {[%emt 0:00:03]} Bc3 {
[%emt 0:00:06]} 56. Kg4 {[%emt 0:00:02]} Be1 {[%emt 0:00:02]} 57. h5 {
[%emt 0:00:03]} Bd2 {[%emt 0:00:03]} 58. Kf5 {[%emt 0:00:05]} Kf8 {
[%emt 0:00:02]} 59. Be4 {[%emt 0:00:03]} Be3 {[%emt 0:00:02]} 60. Bd5 {
[%emt 0:00:02]} Bd2 {[%emt 0:00:02]} 61. h6 {[%emt 0:00:05]} Bb4 {
[%emt 0:00:02]} 62. h7 {[%emt 0:00:02]} Ke8 {[%emt 0:00:02]} 63. Ke6 {
[%emt 0:00:02]} Kd8 {[%emt 0:00:02]} 64. h8=Q+ {[%emt 0:00:03]} Kc7 {
[%emt 0:00:03]} 65. Qg7+ {[%emt 0:00:03]} Kb6 {[%emt 0:00:04]} 66. Qb7+ {
[%emt 0:00:03]} Kc5 {[%emt 0:00:01]} 67. Qc6+ {[%emt 0:00:07]} Kd4 {
[%emt 0:00:01]} 68. Qc4+ {[%emt 0:00:02]} Ke3 {[%emt 0:00:01]} 69. Ke5 {
[%emt 0:00:04]} Kf2 {[%emt 0:00:01]} 70. Qf4+ {[%emt 0:00:02]} Ke2 {
[%emt 0:00:01]} 71. Bc4+ {[%emt 0:00:02]} Ke1 {[%emt 0:00:02]} 72. Qf3 {
[%emt 0:00:02]} Kd2 {[%emt 0:00:02]} 73. Kd4 {[%emt 0:00:02]} Kc2 {
[%emt 0:00:02]} 74. a3 {[%emt 0:00:02]} Bxa3 {[%emt 0:00:03]} 75. Qc3+ {
[%emt 0:00:03]} Kd1 {[%emt 0:00:02]} 76. Bd3 {[%emt 0:00:02]} Bb4 {
[%emt 0:00:02]} 77. Qc2+ {[%emt 0:00:02]} Ke1 {[%emt 0:00:01]} 78. Qe2# {
[%emt 0:00:01]} 1-0

[Event "9. Forchheimer Sparkassen Open 2010"]
[Site "Forchheim"]
[Date "2010.10.01"]
[Round "1.40"]
[White "Veitl, Rudolf"]
[Black "Kean, Christopher"]
[Result "0-1"]
[WhiteElo "2400"]
[BlackElo "2400"]
[PlyCount "61"]
[EventDate "2010.??.??"]
[TimeControl "300"]

1. e4 g6 2. g3 Bg7 3. Bg2 d6 4. d4 a6 5. Nc3 b5 6. Be3 Bb7 7. Nf3 b4 8. Nd5 a5
9. Nd2 e6 10. Nf4 Nd7 11. c3 c5 12. O-O Ne7 13. Nc4 Qc7 14. Re1 cxd4 15. e5
Qxc4 16. Bxb7 Rb8 17. exd6 dxe3 18. Bf3 exf2+ 19. Kxf2 Nf5 20. Rc1 Qc5+ 21. Kg2
Ne3+ 22. Rxe3 Qxe3 23. Rc2 bxc3 24. bxc3 O-O 25. c4 Rb2 26. Bc6 Rxc2+ 27. Qxc2
Ne5 28. Bb5 Bh6 29. Ne2 Qf3+ 30. Kh3 Qf1+ 31. Kh4 0-1

[Event "9. Forchheimer Sparkassen Open 2010"]
[Site "Forchheim"]
[Date "2010.10.01"]
[Round "1.41"]
[White "Forster, Stephan"]
[Black "Ratscheu, Stefan"]
[Result "1-0"]
[WhiteElo "2400"]
[BlackElo "2400"]
[PlyCount "43"]
[EventDate "2010.??.??"]
[TimeControl "300"]

1. e4 e6 2. Nc3 Nc6 3. Nf3 d5 4. exd5 exd5 5. d4 Nf6 6. Bb5 Bd7 7. O-O Be7 8.
Bg5 Be6 9. Ne5 Bd7 10. Nxd7 Qxd7 11. Re1 O-O 12. Qf3 a6 13. Bxc6 bxc6 14. Re2
Rfe8 15. Rae1 Qd6 16. Bxf6 gxf6 17. Qf5 Kh8 18. Re3 h6 19. Qh5 Kh7 20. Qxf7+
Kh8 21. Rxe7 Rxe7 22. Rxe7 1-0

[Event "9. Forchheimer Sparkassen Open 2010"]
[Site "Forchheim"]
[Date "2010.10.01"]
[Round "1.42"]
[White "Lorenz, Dominik"]
[Black "Petermann, Jan"]
[Result "0-1"]
[WhiteElo "2400"]
[BlackElo "2400"]
[PlyCount "84"]
[EventDate "2010.??.??"]
[TimeControl "300"]

1. e4 b6 2. Nf3 Bb7 3. Nc3 e6 4. Be2 Bb4 5. d3 Nf6 6. Bg5 h6 7. Bxf6 Qxf6 8.
Qd2 d5 9. O-O-O d4 10. e5 Qd8 11. Qf4 Bxc3 12. bxc3 dxc3 13. Qb4 c5 14. Qxc3
Nc6 15. Nd2 O-O 16. Bf3 Qc7 17. g4 Nd4 18. Rde1 Bxf3 19. Nxf3 Nxf3 20. Re3 Nd4
21. Re4 Rac8 22. f4 Qc6 23. g5 hxg5 24. fxg5 Nf5 25. h4 Ng3 26. Rg1 Nxe4 27.
dxe4 Qxe4 28. h5 g6 29. hxg6 Qxg6 30. Qh3 Rcd8 31. Rh1 Qg7 32. g6 fxg6 33.
Qxe6+ Rf7 34. Qh3 Qxe5 35. c3 Rdd7 36. Kc2 Rh7 37. Qg2 Qf5+ 38. Kb3 Rxh1 39.
Qxh1 Qd5+ 40. Qxd5+ Rxd5 41. Kc4 Rf5 42. Kb5 Rf7 0-1

[Event "9. Forchheimer Sparkassen Open 2010"]
[Site "Forchheim"]
[Date "2010.10.01"]
[Round "1.43"]
[White "Schulz, Horst"]
[Black "Trefflich, Marcus"]
[Result "1-0"]
[WhiteElo "2400"]
[BlackElo "2400"]
[PlyCount "71"]
[EventDate "2010.??.??"]
[TimeControl "300"]

1. d4 d5 2. e3 c6 3. Bd3 Nf6 4. f4 Bg4 5. Nf3 Nbd7 6. h3 Bxf3 7. Qxf3 c5 8. c3
c4 9. Bc2 e6 10. Nd2 Be7 11. O-O O-O 12. e4 Nb6 13. e5 Ne8 14. Qe2 f6 15. Nf3
Nc7 16. f5 a5 17. Be3 fxe5 18. Nxe5 Bd6 19. Qh5 Qe8 20. Qg4 exf5 21. Rxf5 Rxf5
22. Qxf5 Bxe5 23. Qxh7+ Kf8 24. dxe5 d4 25. Rf1+ Ke7 26. Qxg7+ Kd8 27. Bg5+ Kc8
28. Rf8 Qxf8 29. Qxf8+ Kd7 30. Qe7+ Kc6 31. Qd6+ Kb5 32. Qxc7 d3 33. a4+ Ka6
34. Bd1 Rc8 35. Qf7 Rd8 36. Bxd8 1-0

[Event "9. Forchheimer Sparkassen Open 2010"]
[Site "Forchheim"]
[Date "2010.10.01"]
[Round "1.44"]
[White "Dresel, Martin"]
[Black "Zenner, Stefan"]
[Result "1-0"]
[WhiteElo "2400"]
[BlackElo "2400"]
[PlyCount "67"]
[EventDate "2010.??.??"]
[TimeControl "300"]

1. d4 d6 2. Nf3 g6 3. g3 Bg7 4. e3 Nf6 5. Bg2 O-O 6. O-O Nbd7 7. b3 Rb8 8. Bb2
e6 9. c4 Qe7 10. Re1 b6 11. Nc3 a6 12. Qd2 e5 13. dxe5 dxe5 14. e4 c6 15. Rad1
b5 16. cxb5 axb5 17. Qc2 Rd8 18. Ne2 Bb7 19. Nc1 Ne8 20. Re3 f6 21. Nd3 Nc7 22.
Qc1 Ne6 23. Ba3 c5 24. Bh3 b4 25. Bb2 Nd4 26. Bg2 Rbc8 27. Nd2 Nf8 28. Nc4 Nfe6
29. Nb6 Rc6 30. Nd5 Qf8 31. Bh3 Ng5 32. Bg2 f5 33. exf5 Qxf5 34. Ne7+ 1-0

[Event "9. Forchheimer Sparkassen Open 2010"]
[Site "Forchheim"]
[Date "2010.10.01"]
[Round "1.45"]
[White "Mejerski, Stephan"]
[Black "Tawdross, Peter"]
[Result "1-0"]
[WhiteElo "2400"]
[BlackElo "2400"]
[PlyCount "37"]
[EventDate "2010.??.??"]
[TimeControl "300"]

1. e4 e5 2. f4 exf4 3. Nf3 Nc6 4. Bc4 Nf6 5. d3 Qe7 6. O-O Qc5+ 7. Kh1 Bd6 8.
Nc3 Ng4 9. Qe1 Qh5 10. Qh4 Qxh4 11. Nxh4 g5 12. Nf5 Bc5 13. Nd5 Nd4 14. b4 Nxc2
15. bxc5 Nxa1 16. Bb2 Rg8 17. Bxa1 Rg6 18. Nxc7+ Kd8 19. Nxa8 1-0

[Event "9. Forchheimer Sparkassen Open 2010"]
[Site "Forchheim"]
[Date "2010.10.01"]
[Round "1.46"]
[White "Schneider, Jana"]
[Black "Koch, Christian"]
[Result "1/2-1/2"]
[WhiteElo "2400"]
[BlackElo "2400"]
[PlyCount "77"]
[EventDate "2010.??.??"]
[TimeControl "300"]

1. e4 e5 2. Nf3 Nc6 3. d4 exd4 4. Nxd4 Qh4 5. Nc3 Bb4 6. Bd3 Nxd4 7. O-O Nf6 8.
Be3 Ne6 9. f3 Bxc3 10. bxc3 d6 11. Bc4 Nd7 12. Qd2 Ndc5 13. Rab1 Qe7 14. Kh1
O-O 15. Bd4 c6 16. Rfd1 Rd8 17. Bf2 b5 18. Bb3 a5 19. a3 Nxb3 20. cxb3 Nc5 21.
Bxc5 Bb7 22. Bxd6 Qe6 23. Qf4 Rd7 24. Qe5 Rad8 25. Qxe6 fxe6 26. e5 c5 27. b4
axb4 28. axb4 c4 29. Rd2 Kf7 30. Rbd1 Bc6 31. Kg1 Ra8 32. Bc5 Rb7 33. Rd6 Bd5
34. Rb6 Rxb6 35. Bxb6 Ra2 36. Kf1 Kg6 37. Be3 Kf5 38. Bd4 Kf4 39. Re1 1/2-1/2

[Event "9. Forchheimer Sparkassen Open 2010"]
[Site "Forchheim"]
[Date "2010.10.01"]
[Round "1.47"]
[White "Kuenne, Lutz Dieter"]
[Black "Braun, Kristin"]
[Result "1-0"]
[WhiteElo "2400"]
[BlackElo "2400"]
[PlyCount "51"]
[EventDate "2010.??.??"]
[TimeControl "300"]

1. e4 d5 2. exd5 Nf6 3. Nc3 Nxd5 4. d4 Nc6 5. Nf3 e6 6. Bd2 Bb4 7. Ne4 Bxd2+ 8.
Qxd2 O-O 9. O-O-O Qd7 10. Ne5 Nxe5 11. dxe5 Qa4 12. Nc3 Nxc3 13. Qxc3 Qxa2 14.
Bc4 Qa1+ 15. Kd2 Rd8+ 16. Ke2 Rxd1 17. Rxd1 Qxd1+ 18. Kxd1 b6 19. f3 Bb7 20.
Qd2 Kf8 21. Kc1 h5 22. Qg5 g6 23. Qf6 a5 24. Bxe6 Ke8 25. Qxf7+ Kd8 26. Qd7#
1-0

[Event "9. Forchheimer Sparkassen Open 2010"]
[Site "Forchheim"]
[Date "2010.10.01"]
[Round "1.48"]
[White "Kraus, Sebastian"]
[Black "Siegl, Melina"]
[Result "0-1"]
[WhiteElo "2400"]
[BlackElo "2400"]
[PlyCount "56"]
[EventDate "2010.??.??"]
[TimeControl "300"]

1. e4 c5 2. Nf3 Nc6 3. Nc3 Nf6 4. Bc4 e6 5. d3 d5 6. exd5 exd5 7. Bb5 Bd6 8.
Bg5 Be6 9. Qe2 O-O 10. Bxc6 bxc6 11. Ne5 Rc8 12. O-O Re8 13. f4 h6 14. Bh4 Be7
15. Rae1 d4 16. Ne4 Nxe4 17. Bxe7 Rxe7 18. Qxe4 Bd5 19. Nxc6 Rxe4 20. Nxd8 Rxe1
21. Rxe1 Rxd8 22. c4 dxc3 23. b3 Be6 24. Re5 Rxd3 25. Rxc5 Bf5 26. Kf2 Bg4 27.
a4 Bd1 28. Ke1 Bxb3 0-1

[Event "9. Forchheimer Sparkassen Open 2010"]
[Site "Forchheim"]
[Date "2010.10.01"]
[Round "1.49"]
[White "Schmidt, Tobias"]
[Black "Wichmann, Jörg"]
[Result "1-0"]
[WhiteElo "1537"]
[BlackElo "1208"]
[PlyCount "57"]
[EventDate "2010.??.??"]
[WhiteTeam "SC Tamm 74"]
[BlackTeam "TSV Untersiemau"]

1. e4 {[%emt 0:00:00]} e6 {[%emt 0:00:01]} 2. d4 {[%emt 0:00:02]} d5 {
[%emt 0:00:01]} 3. Nd2 {[%emt 0:00:02]} c5 {[%emt 0:00:01]} 4. exd5 {
[%emt 0:00:04]} exd5 {[%emt 0:00:02]} 5. Ngf3 {[%emt 0:00:05]} Nf6 {
[%emt 0:00:01]} 6. Be2 {[%emt 0:00:38]} Bd6 {[%emt 0:00:02]} 7. O-O {
[%emt 0:00:03]} O-O {[%emt 0:00:01]} 8. Nb3 {[%emt 0:00:03]} c4 {[%emt 0:00:37]
} 9. Nbd2 {[%emt 0:00:05]} Nc6 {[%emt 0:00:02]} 10. c3 {[%emt 0:00:02]} Bd7 {
[%emt 0:00:02]} 11. Qc2 {[%emt 0:00:02]} b5 {[%emt 0:00:00]} 12. b3 {
[%emt 0:00:03]} a6 {[%emt 0:00:01]} 13. Bb2 {[%emt 0:00:02]} Re8 {
[%emt 0:00:02]} 14. Bd1 {[%emt 0:00:04]} Qc7 {[%emt 0:00:02]} 15. Qb1 {
[%emt 0:00:02]} Re7 {[%emt 0:00:02]} 16. a4 {[%emt 0:00:02]} Qc8 {
[%emt 0:00:03]} 17. Ba3 {[%emt 0:00:02]} Bxa3 {[%emt 0:00:01]} 18. Rxa3 {
[%emt 0:00:01]} bxa4 {[%emt 0:00:02]} 19. bxc4 {[%emt 0:00:06]} Rb8 {
[%emt 0:00:02]} 20. Qa2 {[%emt 0:00:02]} dxc4 {[%emt 0:00:03]} 21. Bxa4 {
[%emt 0:00:05]} Be6 {[%emt 0:00:02]} 22. Bxc6 {[%emt 0:00:02]} Qxc6 {
[%emt 0:00:01]} 23. Rxa6 {[%emt 0:00:03]} Qc8 {[%emt 0:00:03]} 24. Ne5 {
[%emt 0:00:02]} Bd5 {[%emt 0:00:01]} 25. Qa4 {[%emt 0:00:02]} Rb2 {
[%emt 0:00:01]} 26. Ndxc4 {[%emt 0:00:03]} Bxg2 {[%emt 0:00:07]} 27. Kxg2 {
[%emt 0:00:04]} Ng4 {[%emt 0:00:02]} 28. Ra8 {[%emt 0:00:08]} Rb8 {
[%emt 0:00:03]} 29. Rxb8 {[%emt 0:00:02]} 1-0

[Event "9. Forchheimer Sparkassen Open 2010"]
[Site "Forchheim"]
[Date "2010.10.01"]
[Round "1.50"]
[White "Kunkel, Heinrich"]
[Black "Wissel, Florian"]
[Result "0-1"]
[WhiteElo "2400"]
[BlackElo "2400"]
[PlyCount "24"]
[EventDate "2010.??.??"]
[TimeControl "300"]

1. Nf3 Nf6 2. d4 d5 3. Bf4 e6 4. e3 Be7 5. Bb5+ c6 6. Ba4 Qa5+ 7. Nc3 Bb4 8.
Bb3 Bxc3+ 9. bxc3 Qxc3+ 10. Nd2 Ne4 11. Qe2 Qxa1+ 12. Qd1 Qxd1+ 0-1

[Event "9. Forchheimer Sparkassen Open 2010"]
[Site "Forchheim"]
[Date "2010.10.01"]
[Round "1.51"]
[White "Steinmüller, Harald"]
[Black "Gottlieb, Michael"]
[Result "1/2-1/2"]
[WhiteElo "2400"]
[BlackElo "2400"]
[PlyCount "54"]
[EventDate "2010.??.??"]
[TimeControl "300"]

1. e4 e5 2. Nf3 Nc6 3. Bc4 Bc5 4. d3 d6 5. h3 Nf6 6. Bg5 h6 7. Bh4 O-O 8. Nc3
g5 9. Nxg5 hxg5 10. Bxg5 Be6 11. Nd5 Bxd5 12. Bxd5 Qe7 13. c3 Nd8 14. Qf3 Kg7
15. h4 Ne6 16. Bxf6+ Qxf6 17. Qxf6+ Kxf6 18. O-O-O c6 19. Bb3 Ke7 20. g4 f6 21.
Bxe6 Kxe6 22. Rdf1 Rh8 23. Kd2 Rag8 24. f3 b5 25. b4 Bb6 26. Ke2 a6 27. h5 Rh6
1/2-1/2

[Event "9. Forchheimer Sparkassen Open 2010"]
[Site "Forchheim"]
[Date "2010.10.01"]
[Round "1.52"]
[White "Buhl, Eberhard"]
[Black "Wegmann, Sven"]
[Result "1-0"]
[WhiteElo "1186"]
[BlackElo "1659"]
[PlyCount "112"]
[EventDate "2010.??.??"]
[WhiteTeam "SC Forchheim e.V."]
[BlackTeam "SC Erlangen 48/88"]

1. e4 {[%emt 0:00:00]} c5 {[%emt 0:00:02]} 2. Nc3 {[%emt 0:00:02]} d6 {
[%emt 0:00:01]} 3. Bc4 {[%emt 0:00:02]} Nf6 {[%emt 0:00:02]} 4. Nf3 {
[%emt 0:00:02]} Nc6 {[%emt 0:00:02]} 5. O-O {[%emt 0:00:02]} g6 {[%emt 0:00:01]
} 6. a3 {[%emt 0:00:03]} Bg7 {[%emt 0:00:01]} 7. Ng5 {[%emt 0:00:05]} O-O {
[%emt 0:00:02]} 8. Nd5 {[%emt 0:00:04]} Ng4 {[%emt 0:00:04]} 9. h3 {
[%emt 0:00:02]} Nge5 {[%emt 0:00:01]} 10. Ba2 {[%emt 0:00:02]} e6 {
[%emt 0:00:00]} 11. Nc3 {[%emt 0:00:04]} Nd4 {[%emt 0:00:26]} 12. Ne2 {
[%emt 0:00:16]} Qxg5 {[%emt 0:00:01]} 13. Nxd4 {[%emt 0:00:03]} cxd4 {
[%emt 0:00:01]} 14. d3 {[%emt 0:00:06]} Qe7 {[%emt 0:00:05]} 15. f4 {
[%emt 0:00:03]} Nc6 {[%emt 0:00:01]} 16. b4 {[%emt 0:00:02]} a6 {[%emt 0:00:01]
} 17. Rb1 {[%emt 0:00:03]} Kh8 {[%emt 0:00:03]} 18. b5 {[%emt 0:00:02]} axb5 {
[%emt 0:00:01]} 19. Rxb5 {[%emt 0:00:02]} e5 {[%emt 0:00:01]} 20. f5 {
[%emt 0:00:05]} Na5 {[%emt 0:00:02]} 21. Qd2 {[%emt 0:00:03]} Qc7 {
[%emt 0:00:02]} 22. f6 {[%emt 0:00:03]} Bxf6 {[%emt 0:00:02]} 23. Rxf6 {
[%emt 0:00:01]} Bd7 {[%emt 0:00:03]} 24. Qf2 {[%emt 0:00:03]} Be8 {
[%emt 0:00:06]} 25. Bh6 {[%emt 0:00:02]} Rg8 {[%emt 0:00:02]} 26. Rb1 {
[%emt 0:00:02]} Rc8 {[%emt 0:00:03]} 27. Rc1 {[%emt 0:00:02]} Nc6 {
[%emt 0:00:02]} 28. Re6 {[%emt 0:00:03]} Qd7 {[%emt 0:00:03]} 29. Rf6 {
[%emt 0:00:03]} Rc7 {[%emt 0:00:02]} 30. Rf1 {[%emt 0:00:05]} Qe7 {
[%emt 0:00:03]} 31. Bd5 {[%emt 0:00:03]} Nd8 {[%emt 0:00:02]} 32. Qd2 {
[%emt 0:00:04]} Qd7 {[%emt 0:00:02]} 33. Bg5 {[%emt 0:00:02]} Qa4 {
[%emt 0:00:01]} 34. Rxd6 {[%emt 0:00:04]} Ne6 {[%emt 0:00:04]} 35. Bf6+ {
[%emt 0:00:03]} Ng7 {[%emt 0:00:03]} 36. Bb3 {[%emt 0:00:03]} Qxa3 {
[%emt 0:00:02]} 37. Bxe5 {[%emt 0:00:04]} Qc5 {[%emt 0:00:02]} 38. Rd5 {
[%emt 0:00:02]} Qc3 {[%emt 0:00:04]} 39. Qf4 {[%emt 0:00:02]} Re7 {
[%emt 0:00:02]} 40. Bxd4 {[%emt 0:00:03]} Qc6 {[%emt 0:00:02]} 41. Rc5 {
[%emt 0:00:04]} Qd7 {[%emt 0:00:01]} 42. Ra5 {[%emt 0:00:00]} Qc8 {
[%emt 0:00:05]} 43. Qd6 {[%emt 0:00:03]} Re6 {[%emt 0:00:02]} 44. Qf4 {
[%emt 0:00:04]} Bc6 {[%emt 0:00:03]} 45. Rc5 {[%emt 0:00:03]} Re7 {
[%emt 0:00:03]} 46. Bf6 {[%emt 0:00:03]} Rd7 {[%emt 0:00:04]} 47. d4 {
[%emt 0:00:02]} Re8 {[%emt 0:00:03]} 48. d5 {[%emt 0:00:03]} Kg8 {
[%emt 0:00:02]} 49. dxc6 {[%emt 0:00:03]} bxc6 {[%emt 0:00:06]} 50. Qh6 {
[%emt 0:00:01]} Nh5 {[%emt 0:00:05]} 51. g4 {[%emt 0:00:01]} Nxf6 {
[%emt 0:00:02]} 52. Rxf6 {[%emt 0:00:02]} Rd1+ {[%emt 0:00:02]} 53. Kf2 {
[%emt 0:00:04]} Rf8 {[%emt 0:00:02]} 54. Rcxc6 {[%emt 0:00:05]} Qb8 {
[%emt 0:00:02]} 55. Bd5 {[%emt 0:00:02]} Rh1 {[%emt 0:00:02]} 56. Rcd6 {
[%emt 0:00:02]} Qb5 {Rest unleserlich [%emt 0:00:08]} 1-0

[Event "9. Forchheimer Sparkassen Open 2010"]
[Site "Forchheim"]
[Date "2010.10.01"]
[Round "1.53"]
[White "Lingl, Peter"]
[Black "Gebhardt, Andreas"]
[Result "1-0"]
[WhiteElo "2400"]
[BlackElo "2400"]
[PlyCount "47"]
[EventDate "2010.??.??"]
[TimeControl "300"]

1. e4 e5 2. Bc4 Nc6 3. Nf3 d6 4. d3 Nf6 5. c3 a6 6. Be3 b5 7. Bb3 Bg4 8. Nbd2
Bxf3 9. Nxf3 d5 10. exd5 Nxd5 11. O-O b4 12. cxb4 Bxb4 13. Rc1 Nde7 14. Bg5 Nd4
15. Nxe5 Nxb3 16. Qxb3 Qd4 17. Qxf7+ Kd8 18. Bxe7+ Bxe7 19. Nc6+ Kc8 20. Nxd4
Bd8 21. Ne6 Ra7 22. Rc6 Kb7 23. Nxd8+ Rxd8 24. Qxc7+ 1-0